Statistics for Famous painters by country

Click here to take the quiz!

General Stats

  • This quiz has been taken 277 times
  • The average score is 20 of 30

Answer Stats

ArtistCountry% Correct
MichelangeloItaly
100%
PicassoSpain
99%
Andy WarholUnited States
98%
Da VinciItaly
97%
Salvador DaliSpain
96%
ManetFrance
95%
MonetFrance
95%
Van GoghNetherlands
93%
RembrandtNetherlands
92%
MatisseFrance
90%
RaphaelItaly
87%
Frida KahloMexico
87%
MunchNorway
79%
David HockneyUnited Kingdom
79%
Georgia O'KeeffeUnited States
79%
Natalia GoncharovaRussia
78%
HundertwasserAustria
65%
Max ErnstGermany
58%
Nicolae GrigorescuRomania
52%
Jack Butler YeatsIreland
49%
Allan RamsayUnited Kingdom
49%
Elaine de KooningUnited States
39%
Abdel Hadi Al GazzarEgypt
33%
Charles BlackmanAustralia
28%
Betty GoodwinCanada
28%
Anders ZornSweden
28%
Paula RegoPortugal
27%
Jaroslav RónaCzech Republic
24%
Hyon GyonSouth Korea
19%
Marlene DumasSouth Africa
9%

Score Distribution

Percentile by Number Answered

Percent of People with Each Score

Your Score History

You have not taken this quiz